000 00752nam a2200217Ia 4500
001 11109
003 GE_BSU
008 181216s||||||||xx |||||||||||||| ||und||
040 _cGE_BSU
080 _a634.8
100 _aალექსიძე,ნ
245 _aვაზის უმტავრესი მავნებლები და მათთან ბრძოლა.
245 _cრედ.კ.კალანდაძე.
260 _aთბილისი.
260 _bსახელგამი.
260 _c1953.
300 _a270გვ;22სმ
300 _eილ;
653 _aვაზის უმტავრესი მავნებლები და მათთან ბრძოლა.
942 _cBK
999 _c44348
_d44348